Datum a čas kvízu
23
Celkem bodů
Celkový počet nahraných bodů na tomto kvízu bez doplňovacích otázek.
6.
Pořadí na kvízu
Konečné umístění týmu na tomto kvízu.
Zaznamenané odpovědi
| # | Otázka | Odpověď | Body | Výsledky |
|---|---|---|---|---|
| 1. | Česká armáda se minulý týden r... | Jak-40 | 0 | |
| 2. | Jistá evropská země se poprvé... | Norsko | 0 | |
| 3. | Pražské Národní muzeum zahájil... | Sluneční králové | 0 | |
| 4. | Firma O.L.G.A. dostala od Česk... | Vratislav Mynář | 0 | |
| 5. | Do koňského nebe odešla minulý... | Sixteen | 1 | |
| 6. | Když se Roald Amundsen dozvědě... | Robert Scott | 0 | |
| 7. | Snahy o prozkoumání polárních... | William Baffin | 0 | |
| 8. | „Svět kolem mne byl tak laskav... | Annapurna | 0 | |
| 9. | Roku 1938 byla poprvé pokořena... | Heinrich Harrer, Sedm let v Tibetu | 0 | |
| 10. | Podmořští výzkumníci Jacques P... | batyskaf | 1 |